Normal view
MARC view
- Poets, Urdu
Entry Topical Term
001 - CONTROL NUMBER
- control field: 3772
003 - CONTROL NUMBER IDENTIFIER
- control field: NUST
005 - DATE AND TIME OF LATEST TRANSACTION
- control field: 20170806190114.0
008 - FIXED-LENGTH DATA ELEMENTS
- fixed length control field: 170806|| aca||aabn | a|a d
040 ## - CATALOGING SOURCE
- Original cataloging agency: NUST
- Transcribing agency: NUST
150 ## - HEADING--TOPICAL TERM
- Topical term or geographic name entry element: Poets, Urdu
- General subdivision: Suicidal behavior.
670 ## - SOURCE DATA FOUND
- Source citation: Work cat.: (NUST)0: 880-01 ʻIbād, Ṣafiyah. 3770, Rāg rut, k̲h̲vāhish-i marg aur tanhā phūl :, 2009.
